Grass roots of art: Lectures on the social aspects of art in and industrial age (Record no. 1331601)

MARC details
000 -LEADER
fixed length control field 00522nam a2200181Ia 4500
005 - DATE AND TIME OF LATEST TRANSACTION
control field 20250508151717.0
008 - FIXED-LENGTH DATA ELEMENTS--GENERAL INFORMATION
fixed length control field 008 250505s9999 xx 000 0 eng d
037 ## - SOURCE OF ACQUISITION
Stock number Textual
040 ## - CATALOGING SOURCE
Original cataloging agency FEDL
Language of cataloging eng
Transcribing agency FEDL
041 ## - LANGUAGE CODE
Language code of text/sound track or separate title eng
Source of code eng
084 ## - COLON CLASSIFICATION NUMBER
Classification number EA, REA
Assigning agency FEDL
100 ## - MAIN ENTRY--PERSONAL NAME
Personal name Read Herbert
245 #0 - TITLE STATEMENT
Title Grass roots of art: Lectures on the social aspects of art in and industrial age
260 ## - PUBLICATION, DISTRIBUTION, ETC.
Place of publication, distribution, etc. London, UK
Name of publisher, distributor, etc. Faber and Faber Ltd.
300 ## - PHYSICAL DESCRIPTION
Extent 160p
942 ## - ADDED ENTRY ELEMENTS (KOHA)
Koha item type Textual
Classification part EA, REA
Holdings
Withdrawn status Lost status Damaged status Not for loan Home library Current library Date acquired Total Checkouts Full call number Barcode Date last seen Price effective from Koha item type
        Department of Education Library Department of Education Library 2025-05-08   EA, REA EL0012543 2025-05-08 2025-05-08 Textual
Copyright @ Delhi University Library System